01444aam a2200337 i 4500952013700000999001700137001001000154003001000164005001700174007000300191008004100194020001500235040004800250041000800298082002100306100003100327245009400358264005800452264001200510300002700522336002700549337003300576338002800609490003400637504006100671505032100732563001401053650002001067942000701087945001201094 001040708GENaFUSBCbFUSBCd2005-01-14l2oG 280 B7421p p7135r2019-12-12 00:00:00s2019-05-08t1w2016-01-26yBKB0C3IINV2023 c38731d38731768714001CO-MdFUSB20200811124853.0ta200811s1993 sp ade|| |||| 00| 0 spa d a847151897X bspa.aCO-MdFUSBcCO-MdFUSBdCO-MdFUSBCerda aspa04223a280 bB7421p1 aBosch, Juan (1909-)eautor10aPara conocer las sectas : bpanorámica de la nueva religiosidad marginalc/ Juan Bosch 1aEstella, Navarra, España : bVerbo Divino, c[1993] 4c© 1993 a285 páginasc; 22 cm atextobtxt2rdacontent 2rdamediaasin mediaciónbn 2rdacarrieravolumenbnc aPara leer, comprender, vivir. aIncluye referencias bibliográficas (páginas 237-245) aLa difícil cuestión de la terminología. -- ¿Por qué tantas sectas? -- Tipología de las sectas y NMR. -- La actividad de las sectas y NMR. -- El diálogo con las sectas. -- Las sectas y NMR en España. -- Las sectas y NMR en América Latina. -- La pastoral ante las sectas. -- Para seguir reflexionando. aRústico 79385aReligión cBK aJTF-925